[Event "POL-chT 2nd League"]
[Site "Jastrzebia Gora"]
[Date "2016.09.08"]
[Round "6.35"]
[White "Fengier, Winicjusz"]
[Black "Popiol, Michal"]
[Result "0-1"]
[WhiteElo "2054"]
[BlackElo "1959"]
[PlyCount "66"]
[EventDate "2016.09.03"]
[EventType "team-swiss"]
[EventRounds "9"]
[EventCountry "POL"]
[SourceTitle "EXT 2017"]
[Source "ChessBase"]
[SourceDate "2016.10.25"]
[SourceVersion "1"]
[SourceVersionDate "2016.10.25"]
[SourceQuality "1"]
[WhiteTeam "Gostynin Gostmat 83"]
[BlackTeam "Nowy Sacz Sandecja"]
[WhiteTeamCountry "POL"]
[BlackTeamCountry "POL"]

1. Nf3 Nf6 2. c4 g6 3. g3 Bg7 4. Bg2 0-0 5. Nc3 Nc6 6. d4 d6 7. h3 Rb8 8. 0-0 a6 9. a4 Na5 10. b3 c5 11. e4 Qb6 12. dxc5 Qxb3 13. cxd6 exd6 14. Qxb3 Nxb3 15. Rb1 Nxc1 16. Rfxc1 Be6 17. Nd2 Nd7 18. Nd5 Nc5 19. a5 Kh8 20. Nb6 f5 21. Rd1 Rf7 22. f3 Rbf8 23. Nb3 fxe4 24. Rxd6 exf3 25. Bf1 Bf5 26. Nxc5 Bxb1 27. Ne6 f2+ 28. Kh2 Re8 29. Nd7 Bf5 30. Nxg7 Kxg7 31. Nc5 Re1 32. g4 Rxf1 33. gxf5 Rh1+ 0-1

[Event "Trzcianka Dziedzic Memorial 5th"]
[Site "Trzcianka"]
[Date "2015.04.19"]
[Round "2"]
[White "Fengier, Winicjusz"]
[Black "Naiditsch, Arkadij"]
[Result "0-1"]
[WhiteElo "2073"]
[BlackElo "2711"]
[PlyCount "98"]
[EventDate "2015.04.19"]
[EventType "swiss (rapid)"]
[EventRounds "9"]
[EventCountry "POL"]
[SourceTitle "CBM 166 Extra"]
[Source "ChessBase"]
[SourceDate "2015.06.18"]
[SourceVersion "1"]
[SourceVersionDate "2015.06.18"]
[SourceQuality "1"]

1. Nf3 Nf6 2. c4 e6 3. g3 d5 4. Bg2 d4 5. d3 c5 6. b4 Nbd7 7. 0-0 e5 8. bxc5 Bxc5 9. Ba3 Qe7 10. Qa4 0-0 11. Bxc5 Nxc5 12. Qa3 Bg4 13. Nbd2 Nfd7 14. Rab1 Rae8 15. Nb3 b6 16. Nxc5 Nxc5 17. Qb4 Qd7 18. a4 Qxa4 19. h3 Qxb4 20. Rxb4 Bxf3 21. Bxf3 Re7 22. Ra1 Rd8 23. Bd5 g6 24. Rb2 Kg7 25. Ra3 f5 26. Rba2 Rdd7 27. e3 Kf6 28. Bc6 Rc7 29. Bd5 Red7 30. exd4 exd4 31. Re2 Re7 32. Rea2 g5 33. Kg2 h5 34. h4 g4 35. Kf1 f4 36. gxf4 Kf5 37. Kg2 Kxf4 38. Ra1 Rg7 39. Kh2 Rce7 40. R1a2 a5 41. Rb2 Rg6 42. Ra1 a4 43. Ra3 Re1 44. Bf7 Rf6 45. Bd5 Rd6 46. Bg2 Rde6 47. Bd5 R1e2 48. Rxe2 Rxe2 49. Kg2 g3 0-1

[Event "POL-chT 2nd League"]
[Site "Szczyrk"]
[Date "2014.09.12"]
[Round "7.10"]
[White "Sliwerski, Radoslaw"]
[Black "Fengier, Winicjusz"]
[Result "1-0"]
[WhiteElo "2118"]
[BlackElo "2067"]
[PlyCount "81"]
[EventDate "2014.09.06"]
[EventType "team-swiss"]
[EventRounds "9"]
[EventCountry "POL"]
[SourceTitle "EXT 2015"]
[Source "ChessBase"]
[SourceDate "2014.11.20"]
[SourceVersion "1"]
[SourceVersionDate "2014.11.20"]
[SourceQuality "1"]
[WhiteTeam "Miedzyborow Wrzos"]
[BlackTeam "Gostynin Gostmat 83"]
[WhiteTeamCountry "POL"]
[BlackTeamCountry "POL"]

1. d4 Nf6 2. Nf3 c5 3. c3 b6 4. Bf4 d6 5. e3 g6 6. Bb5+ Nbd7 7. Nbd2 Bg7 8. h3 0-0 9. 0-0 Bb7 10. a4 a6 11. Bd3 e5 12. dxe5 dxe5 13. Bxe5 Nxe5 14. Nxe5 Ng4 15. Qxg4 Bxe5 16. Qe2 f5 17. Rad1 Bb8 18. Nf3 Qc7 19. Bc4+ Kh8 20. Bd5 g5 21. Bxb7 Qxb7 22. Nxg5 Rg8 23. Qf3 Qe7 24. h4 h6 25. Qh5 Kg7 26. Nf3 Ra7 27. Qxf5 Kh8 28. Rd5 Qg7 29. Ne1 Rf7 30. Qe4 Rgf8 31. f4 Re7 32. Qf3 Rfe8 33. Nc2 Qg6 34. f5 Qf6 35. Qh5 Rg8 36. Rfd1 Reg7 37. Ne1 Bg3 38. Nf3 Qe7 39. Qxh6+ Rh7 40. Qe6 Qg7 41. Qxg8+ 1-0

[Event "POL-chT 2nd League"]
[Site "Szczyrk"]
[Date "2014.09.09"]
[Round "4.10"]
[White "Helis, Tadeusz"]
[Black "Fengier, Winicjusz"]
[Result "1/2-1/2"]
[WhiteElo "2219"]
[BlackElo "2067"]
[PlyCount "133"]
[EventDate "2014.09.06"]
[EventType "team-swiss"]
[EventRounds "9"]
[EventCountry "POL"]
[SourceTitle "EXT 2015"]
[Source "ChessBase"]
[SourceDate "2014.11.20"]
[SourceVersion "1"]
[SourceVersionDate "2014.11.20"]
[SourceQuality "1"]
[WhiteTeam "Czerwionka Leszczyny Skoczek"]
[BlackTeam "Gostynin Gostmat 83"]
[WhiteTeamCountry "POL"]
[BlackTeamCountry "POL"]

1. Nf3 d6 2. c4 Bg4 3. e3 c6 4. d4 e5 5. dxe5 Bxf3 6. gxf3 dxe5 7. Qxd8+ Kxd8 8. Bd2 Nf6 9. Bc3 Bd6 10. Nd2 Nbd7 11. Rg1 Rg8 12. Bh3 Nc5 13. f4 Ke7 14. fxe5 Nd3+ 15. Ke2 Nxe5 16. f4 Ng6 17. Bf5 Rge8 18. Bc2 Kf8 19. Kf3 Rad8 20. Nb3 Nh4+ 21. Kf2 Bc7 22. h3 Ng6 23. Rad1 Rxd1 24. Rxd1 Rd8 25. Rxd8+ Bxd8 26. Na5 Bxa5 27. Bxa5 b6 28. Bb4+ c5 29. Bc3 Ne8 30. b3 Nd6 31. Kf3 f6 32. e4 Nf7 33. e5 Ke7 34. exf6+ gxf6 35. Kg4 Nf8 36. Bb2 Nd6 37. Bd3 Kf7 38. Bc2 Kg7 39. h4 Ne6 40. Bc3 Nd8 41. h5 h6 42. Kf3 Kf7 43. Be4 Ke7 44. Bd5 a5 45. a3 Ne6 46. b4 axb4 47. axb4 Nc7 48. bxc5 bxc5 49. Ba5 Nxd5 50. cxd5 f5 51. Bc3 Kf7 52. Be5 Ne4 53. Ke3 Ng3 54. Kd3 Nxh5 55. Kc4 Ke8 56. Kxc5 Kd7 57. Kd4 Ng3 58. Ke3 Ne4 59. Kf3 Ke7 60. Kg2 Kf7 61. Kh3 Nc5 62. Kh4 Kg6 63. Bc7 Nd7 64. Bd8 Nc5 65. Bb6 Nd7 66. Bd4 Nf8 67. Be5 1/2-1/2

[Event "POL-chT 2nd League"]
[Site "Szczyrk"]
[Date "2014.09.08"]
[Round "3.16"]
[White "Fengier, Winicjusz"]
[Black "Bronowicki, Mateusz"]
[Result "1/2-1/2"]
[WhiteElo "2067"]
[BlackElo "2325"]
[PlyCount "80"]
[EventDate "2014.09.06"]
[EventType "team-swiss"]
[EventRounds "9"]
[EventCountry "POL"]
[SourceTitle "EXT 2015"]
[Source "ChessBase"]
[SourceDate "2014.11.20"]
[SourceVersion "1"]
[SourceVersionDate "2014.11.20"]
[SourceQuality "1"]
[WhiteTeam "Gostynin Gostmat 83"]
[BlackTeam "Wisznia Mala OKSiR"]
[WhiteTeamCountry "POL"]
[BlackTeamCountry "POL"]

1. Nf3 Nf6 2. c4 b6 3. g3 Bb7 4. Bg2 c5 5. Nc3 e6 6. 0-0 Be7 7. Re1 0-0 8. e4 d6 9. d4 cxd4 10. Nxd4 Qc8 11. Be3 Rd8 12. Rc1 Nbd7 13. f4 a6 14. g4 g6 15. g5 Nh5 16. Nd5 exd5 17. cxd5 Qb8 18. Nc6 Bxc6 19. dxc6 Nc5 20. b4 Qc7 21. f5 Bf8 22. bxc5 dxc5 23. Qg4 Bd6 24. Qh4 Be5 25. f6 Qxc6 26. Bf3 Nxf6 27. gxf6 Bxf6 28. Qf4 Qe6 29. e5 Bxe5 30. Qh4 Rac8 31. Bb7 Rb8 32. Bf4 f6 33. Bxe5 fxe5 34. Bxa6 Kg7 35. Bc4 Qf6 36. Qg3 Rd4 37. Qxe5 Qxe5 38. Rxe5 b5 39. Re7+ Kh6 40. Be2 c4 1/2-1/2

[Event "POL-chT 2nd League"]
[Site "Szczyrk"]
[Date "2014.09.07"]
[Round "2.34"]
[White "Kudas, Damian"]
[Black "Fengier, Winicjusz"]
[Result "1/2-1/2"]
[WhiteElo "2067"]
[BlackElo "2067"]
[PlyCount "80"]
[EventDate "2014.09.06"]
[EventType "team-swiss"]
[EventRounds "9"]
[EventCountry "POL"]
[SourceTitle "EXT 2015"]
[Source "ChessBase"]
[SourceDate "2014.11.20"]
[SourceVersion "1"]
[SourceVersionDate "2014.11.20"]
[SourceQuality "1"]
[WhiteTeam "Myslenice MLKSz"]
[BlackTeam "Gostynin Gostmat 83"]
[WhiteTeamCountry "POL"]
[BlackTeamCountry "POL"]

1. d4 c5 2. d5 Nf6 3. c4 b5 4. cxb5 a6 5. b6 g6 6. Nc3 Bg7 7. Nf3 d6 8. e4 Qxb6 9. Be2 0-0 10. 0-0 a5 11. Nd2 Ba6 12. a4 Bxe2 13. Qxe2 Qa6 14. Nb5 Nbd7 15. Nc4 Nb6 16. Nxb6 Qxb6 17. Bg5 h6 18. Bh4 Qb7 19. f4 Ne8 20. Rad1 Nc7 21. Nxc7 Qxc7 22. f5 g5 23. Be1 Qd7 24. b3 Rfb8 25. Rd3 c4 26. bxc4 Qxa4 27. Bc3 Qxc4 28. Bxg7 Kxg7 29. f6+ exf6 30. Qf3 f5 31. Qxf5 Qxd3 32. Qxf7+ Kh8 33. Qf6+ Kh7 34. Qe7+ Kh8 35. Qf6+ Kh7 36. Qe7+ Kh8 37. Qf6+ Kh7 38. Qe7+ Kh8 39. Qf6+ Kh7 40. Qe7+ Kh8 1/2-1/2

[Event "POL-chT 2nd League"]
[Site "Mrzezyno"]
[Date "2011.09.11"]
[Round "9.21"]
[White "Fengier, Winicjusz"]
[Black "Kaim, Piotr"]
[Result "0-1"]
[WhiteElo "2073"]
[BlackElo "2269"]
[PlyCount "87"]
[EventDate "2011.09.03"]
[EventType "team-swiss"]
[EventRounds "9"]
[EventCountry "POL"]
[SourceTitle "EXT 2019"]
[Source "ChessBase"]
[SourceDate "2018.10.10"]
[SourceVersion "1"]
[SourceVersionDate "2018.10.10"]
[SourceQuality "1"]
[WhiteTeam "Gniezno LKS Chrobry"]
[BlackTeam "Warszawa YMCA"]
[WhiteTeamCountry "POL"]
[BlackTeamCountry "POL"]

1. Nf3 Nf6 2. c4 g6 3. g3 Bg7 4. Bg2 0-0 5. 0-0 d6 6. d4 Nbd7 7. Nc3 e5 8. e4 a6 9. Re1 exd4 10. Nxd4 Ng4 11. h3 Qf6 12. Nf3 Nge5 13. Nd5 Qd8 14. Nxe5 Nxe5 15. Qe2 c6 16. Ne3 Qb6 17. f4 Nd7 18. Kh2 Nc5 19. Rb1 Re8 20. Qc2 f5 21. b4 Nxe4 22. Bb2 Qc7 23. Bxg7 Qxg7 24. Rbd1 Bd7 25. Bxe4 Rxe4 26. Ng2 Rxe1 27. Rxe1 Re8 28. Rxe8+ Bxe8 29. Qd2 Qf6 30. a4 Bf7 31. Ne3 Qe6 32. Kg1 Qe4 33. Kf2 d5 34. cxd5 cxd5 35. Nc2 Be8 36. a5 Bb5 37. Nd4 Bc4 38. Nf3 Qb1 39. Qe1 Qe4 40. Qd2 Bb5 41. Qe3 Bc6 42. Ng5 d4 43. Qxe4 fxe4 44. Ne6 0-1

[Event "POL-chT3 2010/11"]
[Site "Wielkopolska"]
[Date "2010.12.13"]
[Round "1"]
[White "Fengier, Winicjusz"]
[Black "Steczek, Marcin"]
[Result "0-1"]
[WhiteElo "2097"]
[BlackElo "2404"]
[PlyCount "86"]
[EventDate "2010.11.28"]
[EventType "team-tourn"]
[EventRounds "11"]
[EventCountry "POL"]
[SourceTitle "EXT 2019"]
[Source "ChessBase"]
[SourceDate "2018.10.10"]
[SourceVersion "1"]
[SourceVersionDate "2018.10.10"]
[SourceQuality "1"]
[WhiteTeam "Gniezno LKS Chrobry II"]
[BlackTeam "Konin Hetman"]
[WhiteTeamCountry "POL"]
[BlackTeamCountry "POL"]

1. Nf3 Nf6 2. c4 e6 3. g3 b6 4. Bg2 Bb7 5. Nc3 c5 6. 0-0 Nc6 7. d4 Nxd4 8. Nxd4 Bxg2 9. Kxg2 cxd4 10. Qxd4 Qc8 11. Bg5 Qc6+ 12. Kg1 Be7 13. Rac1 0-0 14. e4 d6 15. Rfd1 Rfd8 16. Qd3 h6 17. Bf4 a6 18. Qe2 Rac8 19. b3 Nd7 20. Nd5 Bf8 21. Nb4 Qc5 22. Nd3 Qc7 23. e5 dxe5 24. Nxe5 Nxe5 25. Bxe5 Qc6 26. Rxd8 Rxd8 27. Rd1 Rxd1+ 28. Qxd1 f6 29. Bd4 Qd6 30. Qd2 Kf7 31. a4 e5 32. Be3 Qxd2 33. Bxd2 a5 34. Be3 Bc5 35. g4 g6 36. Kg2 Bxe3 37. fxe3 f5 38. Kf3 Ke6 39. h3 Kd6 40. gxf5 gxf5 41. Kg3 Kc5 42. Kh4 Kb4 43. Kh5 Kxb3 0-1

[Event "Kochan Memorial op-B 18th"]
[Site "Koszalin"]
[Date "2007.08.12"]
[Round "8"]
[White "Fengier, Winicjusz"]
[Black "Klepaczka, Tomasz"]
[Result "1-0"]
[WhiteElo "2095"]
[BlackElo "1960"]
[PlyCount "143"]
[EventDate "2007.08.05"]
[EventType "swiss"]
[EventRounds "9"]
[EventCountry "POL"]
[SourceTitle "EXT 2011"]
[Source "ChessBase"]
[SourceDate "2010.11.26"]
[SourceVersion "1"]
[SourceVersionDate "2010.11.26"]
[SourceQuality "1"]

1. Nf3 d5 2. c4 c6 3. g3 Nf6 4. Bg2 Bf5 5. b3 e6 6. Bb2 Be7 7. d3 0-0 8. 0-0 Na6 9. a3 Nc7 10. b4 a5 11. Qe1 axb4 12. axb4 Rxa1 13. Bxa1 Qa8 14. Bc3 h6 15. Nbd2 Qa3 16. Be5 Rc8 17. Qa1 Qxa1 18. Rxa1 Bxb4 19. Ra7 Nd7 20. Rxb7 Bxd2 21. Bxc7 Bc3 22. Ra7 Nf6 23. h3 dxc4 24. dxc4 Be4 25. Bd6 c5 26. Ne5 Bxg2 27. Kxg2 Bxe5 28. Bxe5 Ne4 29. Bf4 f6 30. f3 Ng5 31. h4 Nf7 32. Bc7 Re8 33. Ra5 Rc8 34. Ra7 Re8 35. Kf2 Kh7 36. Bf4 Kg8 37. Rc7 e5 38. Be3 Nd8 39. Rc8 Kf7 40. Bxc5 Ne6 41. Rxe8 Kxe8 42. Ba7 h5 43. Ke3 Kd7 44. Ke4 g6 45. Kd5 Nc7+ 46. Kc5 Ne6+ 47. Kb5 g5 48. Be3 gxh4 49. gxh4 f5 50. c5 Nd8 51. Bd2 Nc6 52. e3 Na7+ 53. Kc4 Ke6 54. Bc3 Nc6 55. e4 fxe4 56. fxe4 Na7 57. Be1 Nc6 58. Bf2 Ne7 59. Be3 Nc6 60. Kb5 Kd7 61. Bf2 Na7+ 62. Kb6 Nc8+ 63. Kb7 Ne7 64. Be1 Nc6 65. Bc3 Nd8+ 66. Kb6 Nc6 67. Bd2 Ne7 68. Bg5 Nc6 69. Bf6 Nb8 70. Bxe5 Nc6 71. Bc3 Nd8 72. e5 1-0

[Event "Kochan Memorial op-B 18th"]
[Site "Koszalin"]
[Date "2007.08.09"]
[Round "5"]
[White "Weichhold, Pawel"]
[Black "Fengier, Winicjusz"]
[Result "1/2-1/2"]
[WhiteElo "1952"]
[BlackElo "2095"]
[PlyCount "115"]
[EventDate "2007.08.05"]
[EventType "swiss"]
[EventRounds "9"]
[EventCountry "POL"]
[SourceTitle "EXT 2011"]
[Source "ChessBase"]
[SourceDate "2010.11.26"]
[SourceVersion "1"]
[SourceVersionDate "2010.11.26"]
[SourceQuality "1"]

1. e4 g6 2. d4 Bg7 3. Nc3 c6 4. f4 d5 5. e5 f6 6. Nf3 Bg4 7. h3 Bxf3 8. Qxf3 Qb6 9. Qf2 Nh6 10. Bd3 0-0 11. exf6 exf6 12. 0-0 f5 13. Ne2 Nd7 14. c3 Nf6 15. Qh4 Rae8 16. b3 Re6 17. Bd2 Rfe8 18. Rae1 Ne4 19. Bxe4 Rxe4 20. Ng3 Rxe1 21. Rxe1 Rxe1+ 22. Bxe1 Qc7 23. Ne2 Nf7 24. Qf2 Nd6 25. Qe3 Kf7 26. Nc1 Qa5 27. g4 Ne4 28. gxf5 gxf5 29. Qe2 Kg8 30. Nd3 Qb5 31. Nc1 Qxe2 32. Nxe2 Kf7 33. Kg2 Ke6 34. Kf3 b6 35. Ke3 c5 36. Nc1 c4 37. b4 a5 38. a4 Bf8 39. b5 Ba3 40. Ne2 Bb2 41. Kf3 Nd6 42. Bd2 Ne4 43. Be1 Kf7 44. Ke3 Ke8 45. Kf3 Kd7 46. Ke3 Ke6 47. Kf3 Ba3 48. Ke3 Kf7 49. Kf3 Be7 50. Ke3 Kg6 51. Kf3 Kh5 52. Ng3+ Kg6 53. Ne2 Kf7 54. Ke3 Ba3 55. Kf3 Bb2 56. Ke3 Nd6 57. Kd2 Ke6 58. Ke3 1/2-1/2

[Event "Tilburg Stukkenjagers op-A"]
[Site "Tilburg"]
[Date "2006.08.20"]
[Round "5"]
[White "Aubel, Jochem"]
[Black "Fengier, Winicjusz"]
[Result "1-0"]
[WhiteElo "2269"]
[BlackElo "2085"]
[PlyCount "83"]
[EventDate "2006.08.18"]
[EventType "swiss"]
[EventRounds "6"]
[EventCountry "NED"]
[SourceTitle "CBM 113 Extra"]
[Source "ChessBase"]
[SourceDate "2006.09.14"]
[SourceVersion "1"]
[SourceVersionDate "2006.09.14"]
[SourceQuality "1"]

1. e4 g6 2. d4 Bg7 3. Nc3 c6 4. f4 d5 5. e5 Nh6 6. Be3 f6 7. h3 fxe5 8. fxe5 Nf5 9. Bf2 Bh6 10. Nf3 Ne3 11. Qe2 Nxf1 12. Rxf1 b6 13. Be3 Ba6 14. Qf2 Bxe3 15. Qxe3 Bxf1 16. Kxf1 e6 17. Kg1 Qe7 18. Ne2 Na6 19. Qg5 Nc7 20. Rf1 Kd7 21. c4 Raf8 22. Qc1 Qb4 23. b3 a5 24. Qc2 Na6 25. Rc1 Rc8 26. h4 Qf8 27. Qd2 Qg7 28. Nf4 Rhf8 29. Ng5 Nc7 30. cxd5 cxd5 31. Rxc7+ Rxc7 32. Ngxe6 Qf7 33. Nxf8+ Qxf8 34. Nxd5 Rc6 35. Qg5 h6 36. Nf6+ Rxf6 37. Qxf6 Qxf6 38. exf6 Ke6 39. Kf2 Kxf6 40. Kf3 Ke6 41. Ke4 b5 42. a3 1-0

[Event "POL-chT 2nd League"]
[Site "Wysowa"]
[Date "2005.08.27"]
[Round "1.52"]
[White "Szczesniak, Konrad"]
[Black "Fengier, Winicjusz"]
[Result "1-0"]
[WhiteElo "2235"]
[BlackElo "2070"]
[PlyCount "113"]
[EventDate "2005.08.27"]
[EventType "team-swiss"]
[EventRounds "9"]
[EventCountry "POL"]
[SourceTitle "EXT 2019"]
[Source "ChessBase"]
[SourceDate "2018.10.10"]
[SourceVersion "1"]
[SourceVersionDate "2018.10.10"]
[SourceQuality "1"]
[WhiteTeam "Prudnik LKS Zarzewie"]
[BlackTeam "Poznan Lech"]
[WhiteTeamCountry "POL"]
[BlackTeamCountry "POL"]

1. d4 c5 2. d5 Nf6 3. c4 b5 4. Nf3 g6 5. g3 Bg7 6. Bg2 d6 7. 0-0 0-0 8. Re1 bxc4 9. Nfd2 Nbd7 10. Nxc4 Ba6 11. Nba3 Rb8 12. Bd2 Ng4 13. Bc3 Bxc3 14. bxc3 Nge5 15. Nxe5 Nxe5 16. Qa4 Rb6 17. f4 Qd7 18. Qe4 Ng4 19. Qf3 Qa4 20. Nb1 f5 21. e4 Qc2 22. Na3 Qb2 23. exf5 gxf5 24. h3 Nf6 25. c4 Qd4+ 26. Qe3 Qxe3+ 27. Rxe3 Kf7 28. Rae1 Rb7 29. Nb5 Rg8 30. a4 h5 31. Kh2 h4 32. gxh4 Rh8 33. Bf1 Rxh4 34. Kg3 Rh7 35. Bd3 Nh5+ 36. Kh2 Ng7 37. Rg1 Rb8 38. Nxa7 Rb3 39. Rge1 Kf6 40. Nc6 e6 41. dxe6 Bb7 42. Nd8 Rb2+ 43. R1e2 Rxe2+ 44. Rxe2 Bf3 45. Re3 Ba8 46. e7 Rh8 47. a5 Re8 48. a6 Rxe7 49. Rxe7 Kxe7 50. Nb7 Kd7 51. h4 Bxb7 52. axb7 Kc7 53. Be2 Kxb7 54. h5 Ne8 55. h6 Nf6 56. Kg3 Kc6 57. Bd3 1-0